Informes sobre propostes normatives de mobilitat de la Generalitat de Catalunya / Grup de treball de Soroll i Mobilitat Sostenible, Xarxa de Ciutats i Pobles cap a la Sostenibilitat
Descripción Física:
55 p. ; 30 cm
Materias:
Transport -- Catalunya
MARC
| LEADER | 00000nam a2200000Ia 4500 | ||
|---|---|---|---|
| 001 | 20863 | ||
| 008 | 160829s2006 xx 000 0 cat d | ||
| 080 | |a C-3-122 | ||
| 110 | 2 | |a Xarxa de Ciutats i Pobles cap a la Sostenibilitat |9 53477 | |
| 245 | |a Informes sobre propostes normatives de mobilitat de la Generalitat de Catalunya / Grup de treball de Soroll i Mobilitat Sostenible, Xarxa de Ciutats i Pobles cap a la Sostenibilitat | ||
| 260 | |a Barcelona : |b Diputació de Barcelona. Àrea de Medi Ambient, |c 2006 | ||
| 300 | |a 55 p. ; |c 30 cm | ||
| 590 | |a A la coberta: Memòria de sostenibilitat | ||
| 650 | 0 | |a Transport |z Catalunya |9 34498 | |
| 710 | |a Barcelona (Catalunya : Província). |b Àrea de Medi Ambient |9 52987 | ||
| 901 | |a Arxiu | ||
| 942 | |n 1 | ||
| 952 | |0 0 |1 0 |4 0 |6 C3122 |7 1 |9 50086 |a Arxiu |b Arxiu |d 2016-12-01 |l 0 |o C-3-122 |p 20863 |r 2016-12-01 00:00:00 |w 2016-12-01 |y ARXIU | ||
| 999 | |c 53928 |d 53928 | ||